<?xml version="1.0" encoding="UTF-8"?><?xml-stylesheet type="text/xsl" href="static/style.xsl"?><OAI-PMH xmlns="http://www.openarchives.org/OAI/2.0/" xmlns:xsi="http://www.w3.org/2001/XMLSchema-instance" xsi:schemaLocation="http://www.openarchives.org/OAI/2.0/ http://www.openarchives.org/OAI/2.0/OAI-PMH.xsd"><responseDate>2026-04-14T02:29:03Z</responseDate><request verb="GetRecord" identifier="oai:www.recercat.cat:2072/96988" metadataPrefix="marc">https://recercat.cat/oai/request</request><GetRecord><record><header><identifier>oai:recercat.cat:2072/96988</identifier><datestamp>2024-12-13T09:13:01Z</datestamp><setSpec>com_2072_96875</setSpec><setSpec>com_2072_96852</setSpec><setSpec>com_2072_2015</setSpec><setSpec>col_2072_96876</setSpec></header><metadata><record xmlns="http://www.loc.gov/MARC21/slim" xmlns:dcterms="http://purl.org/dc/terms/" xmlns:xsi="http://www.w3.org/2001/XMLSchema-instance" xmlns:doc="http://www.lyncode.com/xoai" xsi:schemaLocation="http://www.loc.gov/MARC21/slim http://www.loc.gov/standards/marcxml/schema/MARC21slim.xsd">
   <leader>00925njm 22002777a 4500</leader>
   <datafield ind2=" " ind1=" " tag="042">
      <subfield code="a">dc</subfield>
   </datafield>
   <datafield ind2=" " ind1=" " tag="720">
      <subfield code="a">Cervera Biedma, Elisabet</subfield>
      <subfield code="e">author</subfield>
   </datafield>
   <datafield ind2=" " ind1=" " tag="720">
      <subfield code="a">López-Pérez, Cristina</subfield>
      <subfield code="e">author</subfield>
   </datafield>
   <datafield ind2=" " ind1=" " tag="720">
      <subfield code="a">Pagès i Camps, Gerard</subfield>
      <subfield code="e">author</subfield>
   </datafield>
   <datafield ind2=" " ind1=" " tag="720">
      <subfield code="a">Puigdueta Miralles, Maria</subfield>
      <subfield code="e">author</subfield>
   </datafield>
   <datafield ind2=" " ind1=" " tag="720">
      <subfield code="a">Zuñiga Ruiz, Anna</subfield>
      <subfield code="e">author</subfield>
   </datafield>
   <datafield ind2=" " ind1=" " tag="520">
      <subfield code="a">La Biblioteca de la UOC (BUOC) ha ofert durant tres mesos (octubre-desembre
09), en fase de prova pilot, un servei de consulta i préstec de lectors de
llibres electrònics (e-readers). Aquest nou desplegament s'ha desenvolupat d'acord
amb l'aposta general de la Universitat per la innovació en tecnologies aplicades a
l'ensenyament, i la voluntat de potenciar les col·leccions de llibres electrònics i l'ús
dels dispositius de lectura de llibres electrònics com una extensió més de la
tecnologia del Campus 5.0, en el suport a l'aprenentatge dels estudiants durant la
seva formació a la Universitat. Aquest treball presenta en detall les especificacions
de la prova pilot, a més de contenir una anàlisi i una avaluació dels resultats
obtinguts: punts forts i punts febles, i relació dels aspectes que cal millorar i modificar
amb vista a la consolidació final del servei.</subfield>
   </datafield>
   <datafield ind2=" " ind1=" " tag="520">
      <subfield code="a">La Biblioteca de la UOC (BUOC) ha ofrecido durante tres meses (octubre-diciembre
09), en fase de prueba piloto, un servicio de consulta y préstamo de
lectores de libros electrónicos (e-readers). Este nuevo despliegue se ha desarrollado
de acuerdo con la apuesta general de la universidad por la innovación en
tecnologías aplicadas a la enseñanza, y la voluntad de potenciar las colecciones de
libros electrónicos y el uso de los dispositivos de lectura de libros electrónicos como
una extensión más de la tecnología del Campus 5.0, en el apoyo al aprendizaje de
los estudiantes durante su formación en la universidad. Este trabajo presenta en
detalle las especificaciones de la prueba piloto, además de contener un análisis y
una evaluación de los resultados obtenidos: puntos fuertes y puntos débiles, y
relación de los aspectos que hay que mejorar y modificar con vistas a la
consolidación final del servicio.</subfield>
   </datafield>
   <datafield ind2=" " ind1=" " tag="520">
      <subfield code="a">The UOC Library (BUOC) has offered for three months (October-December 09),
in pilot testing phase, an e-reader consultation and loan service. This new
deployment has been developed in line with the general commitment of the
university: technology innovation applied to learning and education, and willingness
to promote the use of ebook collections and e-readers as an extension of UOC 5.0
Campus Technology, in supporting student learning during their training at the
University. This paper presents in detail the specifics of the pilot testing in addition to
containing an analysis and evaluation of results: advantages, weaknesses, list of
issues to improve and change the face of final service consolidation.</subfield>
   </datafield>
   <datafield ind1="8" ind2=" " tag="024">
      <subfield code="a">http://hdl.handle.net/10609/3721</subfield>
   </datafield>
   <datafield tag="653" ind2=" " ind1=" ">
      <subfield code="a">llibres electrònics</subfield>
   </datafield>
   <datafield tag="653" ind2=" " ind1=" ">
      <subfield code="a">dispositius de tinta electrònica</subfield>
   </datafield>
   <datafield tag="653" ind2=" " ind1=" ">
      <subfield code="a">lectors de llibres electrònics</subfield>
   </datafield>
   <datafield tag="653" ind2=" " ind1=" ">
      <subfield code="a">biblioteca universitària</subfield>
   </datafield>
   <datafield tag="653" ind2=" " ind1=" ">
      <subfield code="a">biblioteca virtual</subfield>
   </datafield>
   <datafield tag="653" ind2=" " ind1=" ">
      <subfield code="a">biblioteca acadèmica</subfield>
   </datafield>
   <datafield tag="653" ind2=" " ind1=" ">
      <subfield code="a">UOC</subfield>
   </datafield>
   <datafield tag="653" ind2=" " ind1=" ">
      <subfield code="a">BUOC</subfield>
   </datafield>
   <datafield tag="653" ind2=" " ind1=" ">
      <subfield code="a">Servei de préstec</subfield>
   </datafield>
   <datafield tag="653" ind2=" " ind1=" ">
      <subfield code="a">libros electrónicos</subfield>
   </datafield>
   <datafield tag="653" ind2=" " ind1=" ">
      <subfield code="a">dispositivos de tinta electrónica</subfield>
   </datafield>
   <datafield tag="653" ind2=" " ind1=" ">
      <subfield code="a">lectores de libros electrónicos</subfield>
   </datafield>
   <datafield tag="653" ind2=" " ind1=" ">
      <subfield code="a">biblioteca universitaria</subfield>
   </datafield>
   <datafield tag="653" ind2=" " ind1=" ">
      <subfield code="a">biblioteca académica</subfield>
   </datafield>
   <datafield tag="653" ind2=" " ind1=" ">
      <subfield code="a">Biblioteca Virtual</subfield>
   </datafield>
   <datafield tag="653" ind2=" " ind1=" ">
      <subfield code="a">Universitat Oberta de Catalunya</subfield>
   </datafield>
   <datafield tag="653" ind2=" " ind1=" ">
      <subfield code="a">UOC</subfield>
   </datafield>
   <datafield tag="653" ind2=" " ind1=" ">
      <subfield code="a">BUOC</subfield>
   </datafield>
   <datafield tag="653" ind2=" " ind1=" ">
      <subfield code="a">Servicio de préstamo</subfield>
   </datafield>
   <datafield tag="653" ind2=" " ind1=" ">
      <subfield code="a">electronic book</subfield>
   </datafield>
   <datafield tag="653" ind2=" " ind1=" ">
      <subfield code="a">eBook</subfield>
   </datafield>
   <datafield tag="653" ind2=" " ind1=" ">
      <subfield code="a">electronic ink devices</subfield>
   </datafield>
   <datafield tag="653" ind2=" " ind1=" ">
      <subfield code="a">e-reader</subfield>
   </datafield>
   <datafield tag="653" ind2=" " ind1=" ">
      <subfield code="a">university library</subfield>
   </datafield>
   <datafield tag="653" ind2=" " ind1=" ">
      <subfield code="a">academic library</subfield>
   </datafield>
   <datafield tag="653" ind2=" " ind1=" ">
      <subfield code="a">Virtual Library</subfield>
   </datafield>
   <datafield tag="653" ind2=" " ind1=" ">
      <subfield code="a">Open University of Catalonia</subfield>
   </datafield>
   <datafield tag="653" ind2=" " ind1=" ">
      <subfield code="a">UOC</subfield>
   </datafield>
   <datafield tag="653" ind2=" " ind1=" ">
      <subfield code="a">BUOC</subfield>
   </datafield>
   <datafield tag="653" ind2=" " ind1=" ">
      <subfield code="a">Loan
services</subfield>
   </datafield>
   <datafield tag="653" ind2=" " ind1=" ">
      <subfield code="a">Universitat Oberta de Catalunya. Library</subfield>
   </datafield>
   <datafield tag="653" ind2=" " ind1=" ">
      <subfield code="a">Universitat Oberta de Catalunya. Biblioteca</subfield>
   </datafield>
   <datafield tag="653" ind2=" " ind1=" ">
      <subfield code="a">Universitat Oberta de Catalunya. Biblioteca</subfield>
   </datafield>
   <datafield ind2="0" ind1="0" tag="245">
      <subfield code="a">El despliegue de un servicio de préstamo y consulta de libros electrónicos : la experiencia de la Biblioteca Virtual de la Universitat Oberta de Catalunya (BUOC)</subfield>
   </datafield>
</record></metadata></record></GetRecord></OAI-PMH>